000 00260nam a22001097a 4500
008 160624b xxu||||| |||| 00| 0 eng d
100 _9860
_aStein, M
245 _aWe Help Daddy
260 _aN.Y
_b A Golden Book
_c1962
300 _aWe Help Daddy
942 _2ddc
_cBK
999 _c684
_d684